الحياة المكية والمدنية في عيون المصادر والمراجع والدراسات الحديثة : (رقم التسجيلة. 84577)
[ عرض عادي ]
| 000 -الفاتح | |
|---|---|
| حقل البيانات ثابتة الطول | 01572nam a2200277 4500 |
| 003 - محدد رقم الضبط | |
| رقم الضبط | OSt |
| 005 - وقت وتاريخ اخر تعامل مع التسجيلة | |
| رقم الضبط | 20221107091847.0 |
| 008 - عناصر البيانات ثابتة الطول - معلومات عامة | |
| حقل البيانات ثابتة الطول | 221107s2019 su ||||f |||| 00| 0 ara d |
| 020 ## - الرقم الدولى المعيارى للكتب | |
| الرقم الدولى المعيارى للكتاب | 9786030306503 |
| 040 ## - مصدر الفهرسة | |
| وكالة الفهرسة الأصلية | Ma-Un |
| وكالة النسخ | Ma-Un |
| 082 04 - رقم تصنيف ديوى العشرى | |
| رقم الطبعة | 21 |
| رقم التصنيف | 953.1 |
| رقم المادة | أ إ ح |
| 100 1# - المدخل الرئيسى - إسم شخصى | |
| الإسم الشخصى | الأقصم، إبراهيم بن يوسف |
| 245 12 - بيان العنوان | |
| العنوان | الحياة المكية والمدنية في عيون المصادر والمراجع والدراسات الحديثة : |
| بقية العنوان | قراءة موجزة في الجوانب التالية : الدينية، والسياسية، والاجتماعية، والتعليمية، والاقتصادية / |
| بيان المسئوليه,etc | إعداد إبراهيم بن يوسف الأقصم. |
| 250 ## - بيان الطبعة | |
| بيان الطبعة | ط. 1. |
| 260 ## - PUBLICATION, DISTRIBUTION, ETC. (IMPRINT) | |
| مكان الناشر او الموزع | جدة، السعودية : |
| اسم الناشر او الموزع | إبراهيم بن يوسف الأقصم، |
| تاريخ النشر أو التوزيع | 2019 |
| تاريخ النشر هجري | [1440] |
| 300 ## - الوصف المادى | |
| التعداد | 133 ص. ؛ |
| أبعاد الوعاء | 24 سم. |
| 504 ## - تبصرة ببليوجرافية | |
| تبصرة ببليوجرافية,الخ | يشتمل على قائمة ببليوجرافية. |
| 650 #7 - المدخل الاضافى بالموضوع-مصطلح موضوعى | |
| مصطلح موضوعي أو اسم جغرافي كعنصر مدخل | التعليم |
| التقسيم الفرعي الشكلي | مصادر |
| التقسيم الفرعي الجغرافي | مكة المكرمة |
| 650 #7 - المدخل الاضافى بالموضوع-مصطلح موضوعى | |
| مصطلح موضوعي أو اسم جغرافي كعنصر مدخل | التعليم |
| التقسيم الفرعي الشكلي | مصادر |
| التقسيم الفرعي الجغرافي | المدينة المنورة |
| 651 #7 - المدخل الاضافى بالموضوع - اسم جغرافى | |
| الاسم الجغرافي | مكة المكرمة |
| التقسيم الفرعي العام | أحوال اقتصادية |
| التقسيم الفرعي الشكلي | مصادر |
| 651 #7 - المدخل الاضافى بالموضوع - اسم جغرافى | |
| الاسم الجغرافي | مكة المكرمة |
| التقسيم الفرعي العام | حياة وعادات دينية |
| التقسيم الفرعي الشكلي | مصادر |
| 651 #7 - المدخل الاضافى بالموضوع - اسم جغرافى | |
| الاسم الجغرافي | مكة المكرمة |
| التقسيم الفرعي العام | سياسة وحكومة |
| التقسيم الفرعي الشكلي | مصادر |
| 651 #7 - المدخل الاضافى بالموضوع - اسم جغرافى | |
| الاسم الجغرافي | المدينة المنورة |
| التقسيم الفرعي العام | حياة وعادات دينية |
| التقسيم الفرعي الشكلي | مصادر |
| 651 #7 - المدخل الاضافى بالموضوع - اسم جغرافى | |
| الاسم الجغرافي | المدينة المنورة |
| التقسيم الفرعي العام | سياسة وحكومة |
| التقسيم الفرعي الشكلي | مصادر |
| 952 ## - LOCATION AND ITEM INFORMATION (KOHA) | |
| نوع المادة فى نظام كوها | كتاب |
| 942 ## - | |
| -- | ddc |
| -- | BOOK |
| حالة الفقد | نموذج السعر الفعال | حالة تلف | ليس للاعارة | تاريخ الاكتساب | رقم الطلب | تاريخ الاكتساب | الموقع الحالي | الباركود | الفرع الرئيسي | Date last seen | مصدر التصنيف او خطة الترفيف | Total Checkouts |
|---|---|---|---|---|---|---|---|---|---|---|---|---|
| 2022-11-07 | Not For Loan | 2022-11-07 | 953.1 أ إ ح | 2022-11-07 | CL | 00269458 | المكتبة المركزية بالمجمعة (CL) | 2022-11-07 | Dewey Decimal Classification |
